Les podiums des championnats d'Europe de basket M - Statistiques

Statistiques générales
  • Ce quiz a été pris 93 fois
  • Le résultat moyen est 99 sur 123
Statistiques - réponses
% Correct
1937 Troisième France
100%
1949 Finaliste France
100%
1951 Troisième France
100%
1953 Troisième France
100%
1959 Troisième France
100%
2005 Troisième France
100%
2011 Finaliste France
100%
2013 Champion France
100%
2015 Troisième France
100%
2022 Finaliste France
100%
1935 Finaliste Espagne
99%
1973 Finaliste Espagne
99%
1983 Finaliste Espagne
99%
1991 Troisième Espagne
99%
1999 Finaliste Espagne
99%
2001 Troisième Espagne
99%
2003 Finaliste Espagne
99%
2007 Finaliste Espagne
99%
2009 Champion Espagne
99%
2011 Champion Espagne
99%
2013 Troisième Espagne
99%
2015 Champion Espagne
99%
2017 Troisième Espagne
99%
2022 Champion Espagne
99%
1993 Champion Allemagne
97%
2005 Finaliste Allemagne
97%
2022 Troisième Allemagne
97%
1937 Finaliste Italie
92%
1946 Finaliste Italie
92%
1971 Troisième Italie
92%
1975 Troisième Italie
92%
1983 Champion Italie
92%
1985 Troisième Italie
92%
1991 Finaliste Italie
92%
1997 Finaliste Italie
92%
1999 Champion Italie
92%
2003 Troisième Italie
92%
1993 Finaliste Russie
89%
1997 Troisième Russie
89%
2007 Champion Russie
89%
2011 Troisième Russie
89%
2009 Finaliste Serbie
88%
2017 Finaliste Serbie
88%
1937 Champion Lituanie
86%
1939 Champion Lituanie
86%
1995 Finaliste Lituanie
86%
2003 Champion Lituanie
86%
2007 Troisième Lituanie
86%
2013 Finaliste Lituanie
86%
2015 Finaliste Lituanie
86%
2017 Champion Slovénie
85%
1949 Troisième Grèce
82%
1987 Champion Grèce
82%
1989 Finaliste Grèce
82%
2005 Champion Grèce
82%
2009 Troisième Grèce
82%
1947 Champion * URSS
81%
1951 Champion * URSS
81%
1953 Champion * URSS
81%
1955 Troisième * URSS
81%
1957 Champion * URSS
81%
1959 Champion * URSS
81%
1961 Champion * URSS
81%
1963 Champion * URSS
81%
1965 Champion * URSS
81%
1967 Champion * URSS
81%
1969 Champion * URSS
81%
1971 Champion * URSS
81%
1973 Troisième * URSS
81%
1975 Finaliste * URSS
81%
1977 Finaliste * URSS
81%
1979 Champion * URSS
81%
1981 Champion * URSS
81%
1983 Troisième * URSS
81%
1985 Champion * URSS
81%
1987 Finaliste * URSS
81%
1989 Troisième * URSS
81%
1935 Champion Lettonie
78%
1939 Finaliste Lettonie
78%
1993 Troisième Croatie
77%
1995 Troisième Croatie
77%
1961 Finaliste * Yougoslavie
76%
1963 Troisième * Yougoslavie
76%
1965 Finaliste * Yougoslavie
76%
1969 Finaliste * Yougoslavie
76%
1971 Finaliste * Yougoslavie
76%
1973 Champion * Yougoslavie
76%
1975 Champion * Yougoslavie
76%
1977 Champion * Yougoslavie
76%
1979 Troisième * Yougoslavie
76%
1981 Finaliste * Yougoslavie
76%
1987 Troisième * Yougoslavie
76%
1989 Champion * Yougoslavie
76%
1991 Champion * Yougoslavie
76%
1995 Champion * Yougoslavie
76%
1997 Champion Yougoslavie
76%
1999 Troisième Yougoslavie
76%
2001 Champion Yougoslavie
76%
1939 Troisième Pologne
74%
1963 Finaliste Pologne
74%
1965 Troisième Pologne
74%
1967 Troisième Pologne
74%
2001 Finaliste Turquie
61%
1935 Troisième * Tchécoslovaquie
57%
1946 Champion * Tchécoslovaquie
57%
1947 Finaliste * Tchécoslovaquie
57%
1951 Finaliste * Tchécoslovaquie
57%
1955 Finaliste * Tchécoslovaquie
57%
1957 Troisième * Tchécoslovaquie
57%
1959 Finaliste * Tchécoslovaquie
57%
1967 Finaliste * Tchécoslovaquie
57%
1969 Troisième * Tchécoslovaquie
57%
1977 Troisième * Tchécoslovaquie
57%
1981 Troisième * Tchécoslovaquie
57%
1985 Finaliste * Tchécoslovaquie
57%
1957 Finaliste Bulgarie
51%
1961 Troisième Bulgarie
51%
1946 Troisième Hongrie
51%
1953 Finaliste Hongrie
51%
1955 Champion Hongrie
51%
1979 Finaliste Israël
26%
1947 Troisième Egypte
1%
1949 Champion Egypte
1%
Aucun quiz correspondant
Distribution des résultats
% des personnes avec chaque résultat
Percentile par nombre de réponses
Votre historique - résultats
Vous n’avez pas pris ce quiz